Nazwij 20 losowych liczb w języku duńskim (1-100) - Statystyki

Ogólne statystyki
  • Ten quiz został rozwiązany 16 razy
  • Średni wynik to 15 z 20
Statystyki odpowiedzi
Liczba po duńsku % Poprawnych
11 elleve
100%
1 en
100%
31 enogtredive
100%
21 enogtyve
100%
45 femogfyrre
100%
95 femoghalvfems
100%
25 femogtyve
100%
15 femten
100%
4 fire
100%
44 fireogfyrre
100%
74 fireoghalvfjerds
100%
34 fireogtredive
100%
64 fireogtres
100%
24 fireogtyve
100%
90 halvfems
100%
70 halvfjerds
100%
9 ni
100%
49 niogfyrre
100%
99 nioghalvfems
100%
79 nioghalvfjerds
100%
59 nioghalvtreds
100%
39 niogtredive
100%
88 otteogfirs
100%
48 otteogfyrre
100%
38 otteogtredive
100%
46 seksogfyrre
100%
76 seksoghalvfjerds
100%
56 seksoghalvtreds
100%
36 seksogtredive
100%
26 seksogtyve
100%
16 seksten
100%
7 syv
100%
97 syvoghalvfems
100%
77 syvoghalvfjerds
100%
37 syvogtredive
100%
10 ti
100%
2 to
100%
12 tolv
100%
82 toogfirs
100%
42 toogfyrre
100%
72 tooghalvfjerds
100%
32 toogtredive
100%
3 tre
100%
30 tredive
100%
83 treogfirs
100%
43 treogfyrre
100%
60 tres
100%
13 tretten
100%
20 tyve
100%
41 enogfyrre
80%
84 fireogfirs
80%
91 enoghalvfems
75%
35 femogtredive
75%
27 syvogtyve
75%
52 tooghalvtreds
75%
81 enogfirs
67%
94 fireoghalvfems
67%
54 fireoghalvtreds
67%
69 niogtres
67%
8 otte
67%
98 otteoghalvfems
67%
96 seksoghalvfems
67%
66 seksogtres
67%
17 sytten
67%
87 syvogfirs
67%
57 syvoghalvtreds
67%
33 treogtredive
67%
63 treogtres
67%
100 hundrede
60%
71 enoghalvfjerds
50%
5 fem
50%
86 seksogfirs
50%
47 syvogfyrre
50%
92 tooghalvfems
50%
93 treoghalvfems
50%
18 atten
33%
51 enoghalvtreds
33%
85 femogfirs
33%
23 treogtyve
33%
61 enogtres
0%
75 femoghalvfjerds
0%
55 femoghalvtreds
0%
65 femogtres
0%
80 firs
0%
14 fjorten
0%
40 fyrre
0%
50 halvtreds
0%
89 niogfirs
0%
29 niogtyve
0%
19 nitten
0%
78 otteoghalvfjerds
0%
58 otteoghalvtreds
0%
68 otteogtres
0%
28 otteogtyve
0%
6 seks
0%
67 syvogtres
0%
62 toogtres
0%
22 toogtyve
0%
73 treoghalvfjerds
0%
53 treoghalvtreds
0%
Nie znaleziono quizów pasujących do podanych kryteriów
Rozkład punktacji
Procent ludzi z każdym wynikiem
Percentyl według liczby udzielonych odpowiedzi
Twoja historia wyników
Nie rozwiązałeś tego quizu